|
|
|
|
| LEADER |
01283nam a2200301 a 4500 |
| 001 |
12481095 |
| 003 |
BD-DhAAL |
| 008 |
090726r19831982enk 000 1 eng d |
| 010 |
|
|
|a gb 84010147
|
| 020 |
|
|
|a 0140180184
|
| 020 |
|
|
|a 0140061584 (pbk) :
|
| 040 |
|
|
|a UKM
|c UKM
|d OCL
|d EQF
|d BD-DhAAL
|
| 082 |
0 |
|
|a 843.912
|2 19
|
| 100 |
1 |
|
|a Camus, Albert,
|d 1913-1960.
|9 20105
|
| 240 |
1 |
2 |
|a L'ťranger.
|l English.
|
| 245 |
1 |
4 |
|a The outsider /
|c Albert Camus ; translated from the French by Joseph Laredo.
|
| 260 |
|
|
|a Harmondsworth :
|b Penguin,
|c 1983, c1981.
|
| 300 |
|
|
|a 118 pages ;
|c 20 cm.
|
| 490 |
0 |
|
|a Penguin modern classics.
|
| 500 |
|
|
|a Originally published: London : Hamilton, 1982.
|
| 500 |
|
|
|a Translation of: L'ťranger.
|
| 541 |
1 |
|
|e 00012393
|
| 700 |
1 |
|
|a Laredo, Joseph.
|9 60744
|
| 852 |
4 |
|
|a Ayesha Abed Library
|j General Shelf.
|
| 942 |
|
|
|2 ddc
|c BK
|
| 999 |
|
|
|c 2833
|d 2833
|
| 952 |
|
|
|0 0
|1 0
|2 ddc
|4 0
|6 843_912000000000000_CAM
|7 0
|9 2588
|a BRACUL
|b BRACUL
|c GEN
|d 2009-07-26
|g 0.00
|l 21
|m 118
|o 843.912 CAM
|p 3010012393
|q 2026-06-02
|r 2026-02-24
|s 2026-02-24
|t 1
|w 2009-07-26
|y BK
|x No price found in the accession register.
|
| 952 |
|
|
|0 0
|1 0
|2 ddc
|4 0
|6 843_912000000000000_CAM_1982
|7 0
|9 9337
|a BRACUL
|b BRACUL
|c GEN
|d 2010-04-20
|l 20
|m 86
|o 843.912 CAM
|p 3010014526
|r 2026-01-19
|s 2025-12-28
|t 2
|w 2010-04-20
|y BK
|